| 000 | 00639nam a22001337a 4500 | ||
|---|---|---|---|
| 040 | _cRUA | ||
| 082 | _aAVM KHU 2018 B654 Or.1 | ||
| 100 | _aKHUN SE ឃុន សែ | ||
| 245 | _aបរាសិតនៅក្នុងក្រពះពោះវៀនគោ នៅឃុំព្រែកក្រឹស ស្រុកកំពងត្រាច ខេត្តកំពតgastro-intestinal parasite of cattle at prek kroes commune, kampot province | ||
| 260 |
_aRUA _bPhnom penh _c2018 |
||
| 300 |
_axi;34p _bill; _c29cm |
||
| 856 | _uhttps://drive.google.com/file/d/1t0X4jGsFZFoK4aKJsBfRp-qeWWdubztW/view?usp=sharing | ||
| 942 | _cAVM | ||
| 999 |
_c18681 _d18681 |
||